000 00548nam a2200193Ia 4500
003 BUBTL
008 151213s9999 xx 000 0 und d
020 _a0829902554
082 _a659.108/ G73m/ 1979
100 _aGould, James S.
_94493
245 _aMarketing Anthology
_cJames S. Gould
260 _aNew York
_bWest Publishing Company
_cc1979
300 _a[xv], 326p . :
_bill. ; 25cm .
650 _aMarketing
_93147
700 _aJames S. Gould
_93146
856 _k0
_l0
_yDownload
942 _2ddc
_cBK
999 _c1751
_d1751